| 000 | 00914nam2a2200253 4500 | ||
|---|---|---|---|
| 001 | RU\NLR\BIBL_A\012408446 | ||
| 005 | 20201204144026.0 | ||
| 010 | _a978-5-4491-0640-7 | ||
| 021 |
_aRU _bКН-П-20-047530 _9КН-П-20-3608 |
||
| 035 | _a(NLR Aleph) 012408446 | ||
| 035 | _a(RuMoRGB)010399481 | ||
| 090 |
_a11763183 _c11763183 |
||
| 100 | _a20201120d2020 u y0rusy50 ca | ||
| 101 | 0 | _arus | |
| 102 | _aRU | ||
| 105 | _aa|||z|||000ay | ||
| 200 | 1 |
_aНаследники императора _h[кн. 2] |
|
| 210 | _d2020 | ||
| 215 |
_a272 с. _cил. |
||
| 461 | 0 |
_1001RU\NLR\BIBL_A\012235276 _12001#$aБерег живых$fАнна Сешт$v[I] _1700#1$aСешт$bА.$gАнна$3RU\NLR\AUTH\770217510 _911006041 _aСешт, А. _cМосква _d2020 _fАнна Сешт _nДе`Либри _tБерег живых _v[I] |
|
| 942 | _cBOOK | ||
| 980 | _aNB | ||